• 首页
  • 本馆介绍
  • 公告通知
  • 最新文献
  • 馆藏检索
  • 电子资源
  • 读者导购
  • 参考咨询
  • 我的图书馆
  • 登录
  • 详细信息显示
  • 放入我的书架
  • 预约/预借图书
  • 作者相关作品
  • 分类相关作品
  • 丛书相关作品
  • 出版社相关作品

书目信息

  • 表格格式
  • 工作单格式
  • 卡片格式
题名:
重建社会
    
 
作者: 孙立平 著
分册:  
出版信息: 北京   社会科学文献出版社  2009.07
页数: 303页
开本: 23cm
丛书名: 社会科学文献出版社孙立平作品系列
单 册:
中图分类: D668
科图分类:
主题词: 社会秩序--研究--中国 , 社会发展--研究--中国 , 社会秩序 , 社会发展
电子资源:
ISBN: 978-7-5097-0907-8
000 01197oam2 2200313 450
001 010010010138
005 20120626153228.82
010    @a978-7-5097-0907-8@dCNY28.00
100    @a20090901d2009 em y0chiy0110 ea
101 0  @achi
102    @aCN@b110000
105    @ay z 000yy
106    @ar
200 1  @a重建社会@9chong jian she hui@e转型社会的秩序再造@dReconstruction society@eto rebuild social order in transformational China@f孙立平著@zeng
210    @a北京@c社会科学文献出版社@d2009.07
215    @a303页@d23cm
225 2  @a社会科学文献出版社孙立平作品系列@i社会转型三部曲
330    @a本书内容括:金融危机背景下的中国、穿透暗箱 走向透明、结构优化与社会和谐、跨越不平等的沟壑、底层的生存生态、腐败表明的是基础秩序的瓦解等。
462  0 @12001 @a社会转型三部曲
510 1  @aReconstruction society@eto rebuild social order in transformational China@zeng
517 1  @a转型社会的秩序再造@9zhuan xing she hui de zhi xu zai zao
606 0  @a社会秩序@x研究@y中国
606 0  @a社会发展@x研究@y中国
606 0  @a社会秩序
606 0  @a社会发展
690    @aD668@v4
701  0 @a孙立平@9sun li ping@4著
801  0 @aCN@bRENTIAN@c20090901
905    @b541102-06@dD668@e124@f5
    
    重建社会:转型社会的秩序再造=Reconstruction society:to rebuild social order in transformational China/孙立平著.-北京:社会科学文献出版社,2009.07
    303页;23cm.-(社会科学文献出版社孙立平作品系列.社会转型三部曲)
    
    
    ISBN 978-7-5097-0907-8:CNY28.00
    本书内容括:金融危机背景下的中国、穿透暗箱 走向透明、结构优化与社会和谐、跨越不平等的沟壑、底层的生存生态、腐败表明的是基础秩序的瓦解等。
●
相关链接 在E读中查询图书 在五车中查询图书 在当当中查询图书 在豆瓣中查询图书


正题名:重建社会     索取号:D668/124         预约/预借

序号 登录号 条形码 馆藏地/架位号 状态 备注
1 541102   205411026   第一样本阅览室/ [索取号:D668/124] 在馆    
2 541103   205411035   第一借阅区/ [索取号:D668/124] 在馆    
3 541104   205411044   第一借阅区/ [索取号:D668/124] 在馆    
4 541105   205411053   第一借阅区/ [索取号:D668/124] 在馆    
5 541106   205411062   第一借阅区/ [索取号:D668/124] 在馆    
唐山师范学院图书馆 欢迎您!
大连网信软件有限公司© 版权所有